Parameters of the torque motor tape winding; Control and Communications (SIBCON)

Dades bibliogràfiques
Parent link:Control and Communications (SIBCON).— 2016.— [4 p.]
Autor principal: Dolgikh A. G. Antonina Gennadievna
Autor corporatiu: Национальный исследовательский Томский политехнический университет
Altres autors: Martemyanov V. M. Vladimir Mikhailovich
Sumari:Title screen
The paper considers the features of a torque motor novel type calculation. The method of the tape winding coil's number determination are presented. It is shown that some calculated characteristics of the proposed torque motor are close enough to the characteristics of the modern motors.
Idioma:anglès
Publicat: 2016
Matèries:
Accés en línia:http://dx.doi.org/10.1109/SIBCON.2016.7491844
Format: Electrònic Capítol de llibre
KOHA link:https://koha.lib.tpu.ru/cgi-bin/koha/opac-detail.pl?biblionumber=650239

MARC

LEADER 00000naa0a2200000 4500
001 650239
005 20260123160107.0
035 |a (RuTPU)RU\TPU\network\15451 
090 |a 650239 
100 |a 20160926d2016 k y0engy50 ba 
101 0 |a eng 
135 |a drcn ---uucaa 
181 0 |a i  
182 0 |a b 
200 1 |a Parameters of the torque motor tape winding  |f A. G. Dolgikh, V. M. Martemyanov 
203 |a Text  |c electronic 
300 |a Title screen 
320 |a [References: 8 tit.] 
330 |a The paper considers the features of a torque motor novel type calculation. The method of the tape winding coil's number determination are presented. It is shown that some calculated characteristics of the proposed torque motor are close enough to the characteristics of the modern motors. 
463 |t Control and Communications (SIBCON)  |o Proceedings of the XII International Siberian Conference, Moscow, May 12-14, 2016  |v [4 p.]  |d 2016 
610 1 |a электронный ресурс 
610 1 |a труды учёных ТПУ 
610 1 |a крутящий момент 
610 1 |a двигатели 
610 1 |a постоянные магниты 
610 1 |a обмотки 
610 1 |a бесщеточные электродвигатели 
700 1 |a Dolgikh  |b A. G.  |c specialist in the field of instrument engineering  |c engineer of Tomsk Polytechnic University  |f 1989-  |g Antonina Gennadievna  |3 (RuTPU)RU\TPU\pers\36869 
701 1 |a Martemyanov  |b V. M.  |c specialist in the field of instrument making  |c Associate Professor of Tomsk Polytechnic University, Candidate of technical sciences  |f 1949-  |g Vladimir Mikhailovich  |3 (RuTPU)RU\TPU\pers\32326 
712 0 2 |a Национальный исследовательский Томский политехнический университет  |c (2009- )  |9 26305 
801 2 |a RU  |b 63413507  |c 20160926  |g RCR 
856 4 |u http://dx.doi.org/10.1109/SIBCON.2016.7491844 
942 |c CF